[Event "CZE-ch U14"]
[Site "Sec u Chrudimi"]
[Date "2007.10.26"]
[Round "8"]
[White "Krupicka, Jakub"]
[Black "Braun, Marek"]
[Result "0-1"]
[WhiteElo "1634"]
[BlackElo "1995"]
[PlyCount "82"]
[EventDate "2007.10.20"]
[EventType "swiss"]
[EventRounds "9"]
[EventCountry "CZE"]
[SourceTitle "EXT 2022"]
[Source "ChessBase"]
[SourceDate "2021.10.06"]
[SourceVersion "1"]
[SourceVersionDate "2021.10.06"]
[SourceQuality "1"]

1. c4 e5 2. Nc3 Nc6 3. b3 g6 4. e3 Bg7 5. Bb2 Nf6 6. d3 0-0 7. Qd2 d5 8. 0-0-0 a5 9. a3 Be6 10. g3 Qe7 11. Bg2 Rfd8 12. Qe2 d4 13. Na2 Qc5 14. e4 Bh6+ 15. Kb1 b5 16. Qc2 bxc4 17. dxc4 a4 18. b4 Qxc4 19. Qxc4 Bxc4 20. Bc1 Bb3 21. Rf1 Bg7 22. f4 Nd7 23. fxe5 Ncxe5 24. Nf3 Nxf3 25. Bxf3 Ne5 26. Bd1 Nc4 27. Rf2 d3 28. Bb2 Nxb2 29. Rxb2 Bxb2 30. Kxb2 Bxa2 31. Kxa2 Rd4 32. Re1 d2 33. Re2 Re8 34. Kb2 Rdxe4 35. Rxe4 Rxe4 36. Kc3 Re3+ 37. Kb2 Rb3+ 38. Kc2 Rxa3 39. Kxd2 Ra2+ 40. Bc2 f5 41. Kc1 Rxc2+ 0-1

[Event "CZE-ch U14"]
[Site "Sec u Chrudimi"]
[Date "2007.10.22"]
[Round "3"]
[White "Krupicka, Jakub"]
[Black "Stoklasa, Jan1111"]
[Result "1-0"]
[WhiteElo "1634"]
[BlackElo "1357"]
[PlyCount "83"]
[EventDate "2007.10.20"]
[EventType "swiss"]
[EventRounds "9"]
[EventCountry "CZE"]
[SourceTitle "EXT 2022"]
[Source "ChessBase"]
[SourceDate "2021.10.06"]
[SourceVersion "1"]
[SourceVersionDate "2021.10.06"]
[SourceQuality "1"]

1. f4 f5 2. g3 d6 3. d3 Nf6 4. Bg2 c6 5. Nc3 e5 6. Nf3 Be6 7. fxe5 dxe5 8. Nxe5 Bd6 9. Bf4 Qb6 10. Rb1 Bxe5 11. Bxe5 Ng4 12. d4 Ne3 13. Qd3 Nxg2+ 14. Kf2 0-0 15. Kxg2 Nd7 16. Bf6 Nxf6 17. Rhe1 Rad8 18. e3 Nd5 19. a3 Nf4+ 20. gxf4 Rd6 21. Na4 Qc7 22. Nc5 Bd5+ 23. Kf2 Rg6 24. Rg1 Rff6 25. c4 Be4 26. Nxe4 fxe4 27. Qxe4 Re6 28. Qd3 Qe7 29. Rg3 Rh6 30. Rh1 Re4 31. Kf3 Qh4 32. Kf2 Qe7 33. Re1 b6 34. Kf3 Qb7 35. Kf2 Qe7 36. Reg1 Qh4 37. Kf1 g6 38. f5 Rxe3 39. Rxe3 Qf4+ 40. Rf3 Qc1+ 41. Kg2 Qxb2+ 42. Rf2 1-0